All first level subdivisions with two or more million cities - Statistics

General Stats
  • This quiz has been taken 94 times
    31 since last reset
  • The average score is 44 of 66
Answer Stats
Country Number of cities Cities Subdivision % Correct
United States 2 Phoenix, Tucson Arizona
100%
United States 6 Los Angeles, San Francisco, San Diego, Sacramento, Stockton, Fresno California
100%
United Kingdom 9 London, Birmingham, Manchester, Leeds, Liverpool, Sheffield, Newcastle, Nottingham, Southampton England
100%
United States 2 St. Louis, Kansas City Missouri
100%
United States 2 New York, Buffalo New York
100%
United States 3 Cleveland, Cincinnati, Columbus Ohio
100%
United States 3 Philadelphia, Pittsburgh, Harrisburg Pennsylvania
100%
Germany 2 Munich, Nuremberg Bavaria
96%
United States 6 Miami, Tampa, Orlando, Jacksonville, Melbourne, Cape Coral Florida
96%
United States 3 Charlotte, Raleigh, Greensboro North Carolina
96%
Canada 2 Toronto, Ottawa Ontario
96%
United States 2 Nashville, Memphis Tennessee
96%
United States 6 Dallas, Houston, San Antonio, Austin, McAllen, El Paso Texas
96%
United States 2 Virginia Beach, Richmond Virginia
96%
Canada 2 Calgary, Edmonton Alberta
92%
Mexico 2 Ciudad Juárez, Chihuahua Chihuahua
92%
Brazil 3 São Paulo, Campinas, Santos São Paulo
92%
India 10 Lucknow, Kanpur, Agra, Varanasi, Meerut, Prayagraj, Bareilly, Moradabad, Aligarh, Saharanpur Uttar Pradesh
88%
Pakistan 5 Lahore, Faisalabad, Rawalpindi, Gujranwala, Multan Punjab
80%
India 3 Ludhiana, Amritsar, Jalandhar Punjab
80%
China 7 Guangzhou, Shantou, Zhuhai, Zhanjiang, Maoming, Qingyuan, Zhaoqing Guangdong
76%
China 2 Chongqing, Wanzhou Chongqing
72%
Saudi Arabia 2 Dammam, Hofuf Eastern Province
72%
Saudi Arabia 2 Jeddah, Mecca Mecca Province
72%
Germany 2 The Ruhr, Cologne North Rhine-Westphalia
72%
China 6 Chengdu, Mianyang, Nanchong, Dazhou, Luzhou, Yibin Sichuan
72%
India 3 Kolkata, Asansol, Siliguri West Bengal
72%
Spain 2 Seville, Málaga Andalusia
68%
Japan 2 Fukuoka, Kitakyushu Fukuoka Prefecture
68%
Indonesia 2 Surabaya, Malang East Java
64%
India 4 Ahmedabad, Surat, Vadodara, Rajkot Gujarat
64%
China 3 Hohhot, Baotou, Ulanhad Inner Mongolia
64%
Indonesia 3 Bandung, Karawang, Cirebon West Java
64%
Germany 2 Stuttgart, Mannheim Baden-Württemberg
60%
China 13 Zhengzhou, Luoyang, Xinxiang, Pingdingshan, Anyang, Puyang, Shangqiu, Jiaozuo, Nanyang, Xuchang, Kaifeng, Xinyang, Zhoukou Henan
60%
China 5 Changsha, Hengyang, Changde, Yueyang, Shaoyang Hunan
60%
China 2 Changchun, Jilin Jilin
60%
Japan 2 Hamamatsu, Shizuoka Shizuoka Prefecture
60%
China 7 Shijiazhuang, Handan, Tangshan, Baoding, Qinhuangdao, Xingtai, Zhangjiakou Hebei
56%
China 5 Wuhan, Xiangyang, Yichang, Ezhou, Shiyan Hubei
56%
India 3 Jaipur, Jodhpur, Kota Rajasthan
56%
India 6 Chennai, Coimbatore, Madurai, Tiruppur, Tiruchirappalli, Salem Tamil Nadu
56%
Indonesia 2 Semarang, Surakarta Central Java
52%
China 2 Xiamen, Fuzhou Fujian
52%
China 12 Nanjing, Nantong, Jiangyin, Xuzhou, Yangzhou, Huai'an, Taizhou, Yancheng, Zhenjiang, Suqian, Lianyungang, Shuyang Jiangsu
52%
Nigeria 2 Kaduna, Zaria Kaduna
52%
China 6 Shenyang, Dalian, Anshan, Jinzhou, Huludao, Panjin Liaoning
52%
India 6 Mumbai, Pune, Nagpur, Nashik, Aurangabad, Solapur Maharashtra
52%
China 2 Xi'an, Baoji Shaanxi
52%
China 15 Qingdao, Jinan, Linyi, Zibo, Weifang, Yantai, Jining, Zaozhuang, Tai'an, Heze, Weihai, Rizhao, Dezhou, Liaocheng, Dongying Shandong
52%
China 3 Taiyuan, Datong, Changzhi Shanxi
52%
China 2 Kunming, Qujing Yunnan
52%
India 2 Visakhapatnam, Vijayawada Andhra Pradesh
48%
China 3 Harbin, Daqing, Qiqihar Heilongjiang
48%
India 3 Bengalore, Mysore, Hubli-Dharwad Karnataka
48%
Pakistan 2 Karachi, Hyderabad Sindh
48%
China 10 Hangzhou, Ningbo, Wenzhou, Taizhou, Yiwu, Jiaxing, Cangnan, Huzhou, Jinhua, Yongkang Zhejiang
48%
China 4 Nanchang, Ganzhou, Shangrao, Jiujiang Jiangxi
44%
India 2 Kochi, Kozhikode Kerala
44%
India 4 Indore, Bhopal, Jabalpur, Gwalior Madhya Pradesh
44%
India 2 Hyderabad, Warangal Telangana
44%
China 7 Hefei, Bengbu, Huainan, Wuhu, Fuyang, Huaibei, Lu'an Anhui
40%
China 5 Nanning, Liuzhou, Guilin, Yulin, Beihai Guangxi
40%
China 2 Guiyang, Zunyi Guizhou
40%
India 3 Jamshedpur, Ranchi, Dhanbad Jharkhand
40%
Mexico 2 Torreón, Saltillo Coahuila
32%
No matching quizzes found
Score Distribution
Percent of People with Each Score
Percentile by Number Answered
Your Score History
You have not taken this quiz since the last reset